LEADER 01627nam a2200337 a 4500 001 000000129153 003 CaOOAMICUS 005 20120608143326.0 008 120601s2012 be u000 u eng r 020 $a978-90-429-2624-0 040 $aPUL$bita 100 1 $aUyttenhove, Lieve.$0(OLS)http://pul/name/82719 245 10$aEmbraced by the Father and the Son in the Unity of the Holy Spirit :$ba study of the Trinity and the mystical life in the works of Jan van Ruusbroec /$cLieve Uyttenhove ; preface Rob Faesen. 260 $aLeuven, Paris, Walpole (MA) :$bPeeters,$c2012. 300 $aXVIII, 337 p. ;$c24 cm. 490 1 $aAnnua nuntia Lovaniensia ;$v65 504 $aBibliografia p. [315]-330. 600 14$aRuusbroec, Jan van,$d1293-1381.$0(OLS)http://pul/subject/13751 650 04$aTrinità.$0(OLS)http://pul/subject/2463 650 04$aVita religiosa.$0(OLS)http://pul/subject/3323 700 1 $aFaesen, Rob,$cs.j.$0(OLS)http://pul/name/49949 830 0$aAnnua nuntia Lovaniensia ;$v65.$0(OLS)http://pul/title/9698 850 $aPUL 852 $aPUL$W1$xSL Religione 1$y3$m17 B 65$j149643$qStampati$B148163$CPULBib$Z2$F148163 $82 941 1 $a8 960 $aTeologia trinitaria$92463 960 $aTeologia trinitaria$92463 996 $6020$a978-90-429-2624-0$9(OLS)http://pul/number/149946 996 $6245$aEmbraced by the Father and the Son in the Unity of the Holy Spirit :$ba study of the Trinity and the mystical life in the works of Jan van Ruusbroec$9(OLS)http://pul/title/163308 996 $6260$aLeuven, Paris, Walpole (MA) :$bPeeters$9(OLS)http://pul/publisher/80881 LEADER 01521nam a2200313 a 4500 001 000000175672 003 CaOOAMICUS 005 20230131130841.0 008 230131s2018 it u000 u ita r 020 $z978-88-922-1615-0* 032 $aLibriCat 040 $aPUL$bita 082 14$a268.4 110 2 $aPontificio Consiglio per la promozione della nuova evangelizzazione.$0(OLS)http://pul/name/85344 245 13$aIl catechista testimone della fede : $bfar crescere il desiderio di Dio nel cuore degli uomini / $cPontificio Consiglio per la Promozione della Nuova Evangelizzazione ; a cura di Eugenio Bruno. 260 $aCinisello Balsamo :$bSan Paolo,$c©2018. 300 $a222 p. ;$c21 cm 490 1 $aScintilla nova ;$v3 650 4$aCatechesi$xStudio e insegnamento.$0(OLS)http://pul/subject/14006 700 1 $aBruno, Eugenio,$cS.I.$0(OLS)http://pul/name/96036 830 0$aScintilla nova$b(San Paolo) ;$v3.$0(OLS)http://pul/title/214759 850 $aPUL 852 $aPUL$W1$xSL Religione 3$y85$m268. 4 PCPNE 3$j199856$qDDC 21$B204616$CPULBib$Z2$F204616 $H135984 $82 941 1 $a9 996 $6020$z978-88-922-1615-0*$9(OLS)http://pul/number/168974 996 $6082$a268.4$9(OLS)http://pul/classification/1854 996 $6245$aIl catechista testimone della fede : $bfar crescere il desiderio di Dio nel cuore degli uomini / $9(OLS)http://pul/title/217131 996 $6260$aCinisello Balsamo :$bSan Paolo$9(OLS)http://pul/publisher/54577